000 00561cam a22002171 4500
001 9791405
005 20180213035633.0
008 721129s1954 mau 000 0 eng
010 _a 54002873
035 _a(OCoLC)503477
040 _aDLC
_cOClU
_dOCoLC
_dDLC
041 _aeng
042 _apremarc
080 _a361.8 MUR
082 _a361.8 MUR
100 1 _a50
101 _aSOC
245 0 0 _aCommunity organization practice.
_c[Under the editorship of Marion Hathway]
906 _a7
_bcbc
_coclcrpl
_du
_encip
_f19
_gy-gencatlg
942 _2ddc
_cBK
999 _c42351
_d42351